<?xml version="1.0" encoding="UTF-8"?>
<record
    xmlns:xsi="http://www.w3.org/2001/XMLSchema-instance"
    xsi:schemaLocation="http://www.loc.gov/MARC21/slim http://www.loc.gov/standards/marcxml/schema/MARC21slim.xsd"
    xmlns="http://www.loc.gov/MARC21/slim">

  <leader>01001nam a22001937a 4500</leader>
  <controlfield tag="005">20241017111707.0</controlfield>
  <datafield tag="010" ind1=" " ind2=" ">
    <subfield code="a">HIN-128657</subfield>
  </datafield>
  <datafield tag="020" ind1=" " ind2=" ">
    <subfield code="c">650.00</subfield>
    <subfield code="a">9789383954360</subfield>
  </datafield>
  <datafield tag="035" ind1=" " ind2=" ">
    <subfield code="a">HN-101003</subfield>
  </datafield>
  <datafield tag="037" ind1=" " ind2=" ">
    <subfield code="b">DBAD</subfield>
  </datafield>
  <datafield tag="082" ind1=" " ind2=" ">
    <subfield code="a">821.08</subfield>
  </datafield>
  <datafield tag="100" ind1=" " ind2=" ">
    <subfield code="a">&#x926;&#x947;&#x935;&#x947;&#x928;&#x94D;&#x926;&#x94D;&#x930; &#x926;&#x947;&#x935; </subfield>
    <subfield code="9">72900</subfield>
  </datafield>
  <datafield tag="245" ind1=" " ind2=" ">
    <subfield code="a">&#x930;&#x93E;&#x937;&#x94D;&#x91F;&#x94D;&#x930;-&#x92A;&#x941;&#x924;&#x94D;&#x930; &#x92F;&#x936; &#x935;&#x928;&#x94D;&#x924;  /</subfield>
    <subfield code="c">&#x926;&#x947;&#x935;&#x947;&#x928;&#x94D;&#x926;&#x94D;&#x930; &#x926;&#x947;&#x935; </subfield>
  </datafield>
  <datafield tag="250" ind1=" " ind2=" ">
    <subfield code="a">&#x92A;&#x94D;&#x930;&#x925;&#x92E;</subfield>
  </datafield>
  <datafield tag="260" ind1=" " ind2=" ">
    <subfield code="a">&#x92B;&#x93C;&#x930;&#x940;&#x926;&#x93E;&#x92C;&#x93E;&#x926; </subfield>
    <subfield code="b">&#x930;&#x902;&#x91C;&#x928; &#x92A;&#x92C;&#x94D;&#x932;&#x93F;&#x915;&#x947;&#x936;&#x928; </subfield>
    <subfield code="c">2017</subfield>
  </datafield>
  <datafield tag="270" ind1=" " ind2=" ">
    <subfield code="b">&#x92B;&#x93C;&#x930;&#x940;&#x926;&#x93E;&#x92C;&#x93E;&#x926; </subfield>
    <subfield code="a">&#x92C;&#x940;-529,&#x90F;&#x915;&#x924;&#x93E;  &#x90F;&#x928;&#x94D;&#x915;&#x932;&#x947;&#x935; , &#x92C;&#x93E;&#x92C;&#x93E; &#x938;&#x942;&#x930;&#x926;&#x93E;&#x938; &#x915;&#x949;&#x932;&#x94B;&#x928;&#x940; (&#x92A;&#x924;&#x94D;&#x925;&#x930; &#x935;&#x93E;&#x932;&#x940; &#x92C;&#x93E;&#x909;&#x928;&#x94D;&#x921;&#x94D;&#x930;&#x940;) &#x928;&#x93F;&#x915;&#x91F; &#x92C;&#x93E;&#x932;&#x93E; &#x91C;&#x940; &#x905;&#x938;&#x94D;&#x92A;&#x924;&#x93E;&#x932; , &#x924;&#x93F;&#x932;&#x92A;&#x924;</subfield>
    <subfield code="m">ranjanpublication@gmail.com</subfield>
    <subfield code="k">8447244459</subfield>
    <subfield code="e">121003</subfield>
  </datafield>
  <datafield tag="300" ind1=" " ind2=" ">
    <subfield code="a">203&#x92A;&#x943;.</subfield>
    <subfield code="c">22&#x938;&#x947;&#x92E;&#x940;. (&#x905;&#x91C;&#x93F;&#x932;&#x94D;&#x926;)</subfield>
  </datafield>
  <datafield tag="942" ind1=" " ind2=" ">
    <subfield code="2">ddc</subfield>
    <subfield code="c">HN</subfield>
    <subfield code="h">821.08</subfield>
    <subfield code="m">&#x926;&#x947;&#x935;&#x947;&#x928;&#x94D;&#x926;&#x94D;&#x930; </subfield>
  </datafield>
  <datafield tag="999" ind1=" " ind2=" ">
    <subfield code="c">206451</subfield>
    <subfield code="d">206451</subfield>
  </datafield>
  <datafield tag="952" ind1=" " ind2=" ">
    <subfield code="0">0</subfield>
    <subfield code="1">0</subfield>
    <subfield code="4">0</subfield>
    <subfield code="7">0</subfield>
    <subfield code="8">NFIC</subfield>
    <subfield code="a">BN</subfield>
    <subfield code="b">BN</subfield>
    <subfield code="d">2024-10-17</subfield>
    <subfield code="e">DBAD</subfield>
    <subfield code="g">650.00</subfield>
    <subfield code="l">0</subfield>
    <subfield code="o">821.08 &#x926;&#x947;&#x935;&#x947;&#x928;&#x94D;&#x926;&#x94D;&#x930; </subfield>
    <subfield code="p">HN-101003</subfield>
    <subfield code="r">2024-10-17 00:00:00</subfield>
    <subfield code="t">1</subfield>
    <subfield code="v">650.00</subfield>
    <subfield code="w">2024-10-17</subfield>
    <subfield code="y">HN</subfield>
  </datafield>
</record>
